00941nam a2200193Ia 4500008004100000020001800041082001600059100004200075245011900117250004000236300003400276500005200310650020200362264006000564336002700624337003300651338002800684040003500712161108s9999 xx 000 0 und d a9789587072600 a346.02 B65p aBonivento Fernández, Jose Alejandro aLos principales contratos civiles :b y su paralelo con los comerciales /c José Alejandro Bonivento Fernández aDecimanovena edición, actualizada axiii, 834 páginas ;c 23 cm aIncluye índice analítico y de disposiciones aContratos - Legislacion - Colombia / Compraventa De Bienes Raices / Derecho Comercial - Legislacion - Colombia / Prestamos Hipotecarios / Cesion De Derechos / Derecho Civil - Legislacion - Colombia aBogotá :b Librería Ediciones del Profesional Ltda. atextobtxt2rdacontent asin mediaciónbn2rdamedia avolumenbnc2rdacarrier aCO-BoRNBPbspaerdacCO-BoRNBP